| 000 | 00000nam##2200000za#4500 |
| 001 | 9.579455 |
| 003 | CaOODSP |
| 005 | 20210624190554 |
| 007 | cr ||||||||||| |
| 008 | 150406|1990||||xxc|||||o f|0| 0 eng|d |
| 040 | |aCaOODSP|beng |
| 043 | |an-cn--- |
| 086 | 1 |aEn49-24/1-10E-PDF |
| 110 | 1 |aCanada.|bEnvironment Canada. |bEnvironmental Technology Centre. |
| 245 | 10|aBiological test method - acute lethality test using threespine stickleback (Gasterosteus aculeatus) |h[electronic resource] |
| 260 | |aOttawa - Ontario : |bEnvironment Canada. |cJuly 1990 (including March 2000 amendments). |
| 300 | |a65p.|bfigs., glossary, graph, references, tables |
| 490 | 1 |aEnvironmental Protection series. [Reference methods] |vEPS 1/RM/10 |
| 500 | |aThe catalogue number (En49-24/1-10E) and ISBN (0-662-18075-4) for the print edition have been copied in this electronic publication. |
| 546 | |a(Résumé en français). |
| 590 | |a14-21-Supp|b2014-12-11 |
| 690 | 07|aEnvironmental impact|2gcpds |
| 690 | 07|aFish|2gcpds |
| 690 | 07|aToxic substances|2gcpds |
| 775 | 08|tMéthode d'essai biologique - essai de létalité aiguë sur l'épinoche à trois épines |w(CaOODSP)9.606933 |
| 794 | |tBiological test method |w(CaOODSP)9.848989 |
| 830 | #0|aEnvironmental Protection series. [Reference methods]|vEPS 1/RM/10|w(CaOODSP)9.504905 |
| 856 | 40|ahttp://publications.gc.ca|qPDF|s1.14 MB|uhttps://publications.gc.ca/collections/collection_2014/ec/En49-24-1-10-eng.pdf|yEPS 1/RM/10 |